Online Catalogue and eLibrary

Asirimath Indiyawa (Record no. 5286)

MARC details
000 -LEADER
fixed length control field 00419nam a2200145Ia 4500
005 - DATE AND TIME OF LATEST TRANSACTION
control field 20250704020420.0
008 - FIXED-LENGTH DATA ELEMENTS--GENERAL INFORMATION
fixed length control field 240331s9999 xx 000 0 und d
082 ## - DDC Classification
Item Number - Author Mark BAS
Class No. 954
100 ## - MAIN ENTRY--PERSONAL NAME
Personal name Basham,A.L
245 #0 - TITLE STATEMENT
Title Asirimath Indiyawa
260 ## - PUBLICATION, DISTRIBUTION, ETC.
Place of publication, distribution, etc. Dehiwala
Name of publisher, distributor, etc. Thisara Publishers
Date of publication, distribution, etc. 1965
300 ## - PHYSICAL DESCRIPTION
Extent (e.g. Volumes, Pages etc.) 688 p .,
500 ## - GENERAL NOTE
General note A Survey of the culture of the Indian subcontinent before the arrival of the Muslims
942 ## - Koha item type (Biblio)
Koha item type Books in Stacks (Lending)
Holdings
Lost status Damaged status Collection code Home library Current library Shelving location Date acquired Full call number Accession Number Item type
    Lending WERC Library WERC Library Social Science Cupboard 03/31/2024 954 BAS 4344 Books in Stacks (Lending)

© WERC Library